| 000 | 00812 a2200217 4500 | ||
|---|---|---|---|
| 003 | Nust | ||
| 005 | 20170207165830.0 | ||
| 020 | _a0-9655723-0-7 | ||
| 035 | _a001247950 | ||
| 040 | _cNust | ||
| 082 | 0 | 4 | _a526.982 |
| 100 | 1 | _aFrench, Gregory T.. | |
| 245 | 1 | 0 |
_aUnderstanding the GPS :(E-BOOK) _ban introduction to the Global Positioning System : what it is and how it works / _cby Gregory T. French. |
| 260 |
_aBethesda, MD. : _bGeoResearch, _c1996. |
||
| 300 |
_a255 s. : _bill. |
||
| 505 | _aPart I Introduction and Background. Part II Basic Signal Structure and Error. Part III Data Correction Techniques and High-Resolution Accuracy. Part IV Basic Geodesy, Data Collection Techniques and GPS Applications | ||
| 650 | 7 | _aGeodesi | |
| 650 | 7 | _aGeodesy | |
| 650 | 7 | _aGlobal Positioning System | |
| 650 | 7 | _aGPS | |
| 942 |
_2ddc _cBK |
||
| 999 |
_c213246 _d213246 |
||